[Event "Charlesbourg Festival 1"]
[Site "Charlesbourg"]
[Date "2010.06.21"]
[Round "3"]
[White "Cote, Jocelyn"]
[Black "Imbeault, David"]
[Result "1-0"]
[WhiteElo "1698"]
[BlackElo "1572"]
[PlyCount "59"]
[EventDate "2010.06.07"]
[EventType "swiss"]
[EventRounds "5"]
[EventCountry "CAN"]
[SourceTitle "EXT 2022"]
[Source "ChessBase"]
[SourceDate "2021.10.06"]
[SourceVersion "1"]
[SourceVersionDate "2021.10.06"]
[SourceQuality "1"]

1. e4 e6 2. d3 d5 3. Nd2 Nf6 4. g3 Be7 5. Ngf3 Nc6 6. Bg2 dxe4 7. dxe4 e5 8. 0-0 Bg4 9. h3 Bh5 10. Qe2 Qd7 11. Qb5 0-0-0 12. Nxe5 Nxe5 13. Qxe5 Rhe8 14. Qa5 Qd4 15. Nb3 Qb6 16. Qf5+ Kb8 17. Be3 Qa6 18. a4 Be2 19. Rfe1 Bb4 20. c3 g6 21. Qg5 h6 22. Qxh6 Rh8 23. Qg5 Rh5 24. Bxa7+ Ka8 25. Qe3 Bxc3 26. bxc3 Bc4 27. Rad1 Re8 28. Nd2 Be6 29. Bd4 Bxh3 30. Bxf6 1-0

[Event "Quebec Montcalm op 6th"]
[Site "Quebec"]
[Date "2009.04.09"]
[Round "3"]
[White "Imbeault, David"]
[Black "Sauve, Richard"]
[Result "0-1"]
[WhiteElo "1612"]
[BlackElo "1941"]
[PlyCount "114"]
[EventDate "2009.03.26"]
[EventType "swiss"]
[EventRounds "5"]
[EventCountry "CAN"]
[SourceTitle "EXT 2011"]
[Source "ChessBase"]
[SourceDate "2010.11.26"]
[SourceVersion "1"]
[SourceVersionDate "2010.11.26"]
[SourceQuality "1"]

1. d4 d5 2. c4 e6 3. Nf3 c6 4. e3 Nf6 5. Nc3 Nbd7 6. Bd3 dxc4 7. Bxc4 b5 8. Bd3 a6 9. 0-0 Bb7 10. Qe2 Be7 11. Rd1 0-0 12. e4 c5 13. dxc5 Bxc5 14. Be3 Qb6 15. Bxc5 Nxc5 16. e5 Bxf3 17. Qxf3 Nfd7 18. Qh5 g6 19. Qg5 Qc7 20. f4 Nb6 21. b4 Rad8 22. Be4 Nxe4 23. Nxe4 Rxd1+ 24. Rxd1 Nd5 25. Nf6+ Nxf6 26. exf6 Kh8 27. Qe5 Qb7 28. Qc5 Kg8 29. Qe7 Qb6+ 30. Kf1 h5 31. Rd6 Qb8 32. g3 Qc8 33. Kg2 Qc2+ 34. Kf3 Rc8 35. Rd8+ Rxd8 36. Qxd8+ Kh7 37. Qd7 Qc3+ 38. Ke2 Qxf6 39. Qd2 Kg7 40. Ke3 e5 41. fxe5 Qxe5+ 42. Kf3 Qf5+ 43. Kg2 Qe4+ 44. Kf2 Kf6 45. Qd6+ Qe6 46. Qd8+ Ke5 47. Qg5+ Qf5+ 48. Qxf5+ Kxf5 49. Kf3 g5 50. Ke3 Ke5 51. h3 f5 52. a3 f4+ 53. gxf4+ gxf4+ 54. Kf3 Kf5 55. Kf2 Ke4 56. Ke2 f3+ 57. Kf2 Kf4 0-1

[Event "Quebec Montcalm op 4th"]
[Site "Quebec"]
[Date "2009.01.15"]
[Round "1"]
[White "Cournoyer, Dominic"]
[Black "Imbeault, David"]
[Result "1-0"]
[WhiteElo "1871"]
[BlackElo "1476"]
[PlyCount "93"]
[EventDate "2009.01.15"]
[EventType "swiss"]
[EventRounds "5"]
[EventCountry "CAN"]
[SourceTitle "EXT 2011"]
[Source "ChessBase"]
[SourceDate "2010.11.26"]
[SourceVersion "1"]
[SourceVersionDate "2010.11.26"]
[SourceQuality "1"]

1. c4 e5 2. Nc3 Nf6 3. Nf3 Nc6 4. g3 d6 5. Bg2 Be7 6. 0-0 0-0 7. d4 exd4 8. Nxd4 Nxd4 9. Qxd4 c6 10. Rd1 Qc7 11. Bf4 Rd8 12. Qd3 Be6 13. c5 Ne8 14. Ne4 Bd5 15. Ng5 Bxg5 16. Bxg5 Rd7 17. Bxd5 dxc5 18. Bxf7+ Rxf7 19. Rac1 Qe5 20. Bf4 Qxb2 21. Qc4 Qf6 22. Qxc5 Qe6 23. Qc4 Qxc4 24. Rxc4 Nf6 25. Be5 Re8 26. Bxf6 Rxf6 27. e4 b5 28. Rcd4 Kf8 29. f4 a6 30. e5 Rfe6 31. Rc1 Ke7 32. Kf2 h6 33. h4 Rc8 34. Rc5 Rd8 35. Rxd8 Kxd8 36. f5 Re7 37. e6 Kc7 38. Ke3 Kd6 39. Rc1 c5 40. Ke4 Re8 41. g4 c4 42. g5 hxg5 43. hxg5 Ke7 44. Ke5 Rf8 45. Rd1 c3 46. Rd7+ Ke8 47. Rc7 1-0